000 00879pab a2200145 454500
008 180718b xxu||||| |||| 00| 0 eng d
100 _aZafarullah, Habib
245 _aWestern Australia's turn of the century royal commission
520 _aIt is commentary on article by Michael Hollier and Allan Peachment in the June 1990 issue of AJPA. the focus of the article was wetern Australian Royal Commission which had inquired into the public service of the state in the immediate post-federation period. The author here points out that the 1902 Western Australian Royal Commission was not quite as "forgotten" as the authors of the original article had suggested, because it was given attention in his own doctoral thesis
650 _a Australia
650 _a Commission
650 _aCivil Service Commission
773 _aAustralian Journal of Public Administration
909 _a1593
999 _c1593
_d1593